00309nam a2200121Ia 4500008004100000082001500041100002200056245004000078250000800118260003700126300000800163650001600171191201s2005 xx 000 0 und d a621.3bDEE aDEL TORO, Vincent 0aElectrical Engineering Fundamentals a2nd aN.DelhibPearson Educationc2005 a921 aB.Tech(ECE)